贏在決勝點 (Record no. 7150)
[ view plain ]
| 000 -記錄標示(系統產生) | |
|---|---|
| fixed length control field | 00653cam a2200217 i 4500 |
| 020 ## - ISBN | |
| ISBN | 9789860594751 : |
| 價格 | NT$新台幣250元 |
| 100 ## - 主要款目 | |
| 第一作者姓名 | 鄭文燦 |
| 245 10 - 書籍基本資料 | |
| 書名 | 贏在決勝點 |
| 作者名稱 | 新世紀公共事務有限公司撰文 |
| 250 ## - 書籍版本資料 | |
| 書籍版本 | 初版 |
| 260 ## - 書籍出版資料 | |
| 出版地 | 桃園市: |
| 出版者 | 桃市府, |
| 出版年 | 2019.06 |
| 300 ## - 外觀規格(長、寬、高) | |
| 數量(面數, 冊數或其他) | 161面: |
| 插圖及其他 | 圖 ; |
| 高廣尺寸 | 21公分 |
| 942 ## - 其他項目(KOHA) | |
| 分類法來源 | 中文圖書分類法 |
| 館藏類型設定 | 一般圖書 |
| 撤銷狀態 | 遺失狀態 | 分類號來源 | 損壞狀態 | 不外借 | 永久館藏地 | 現在館藏地 | 採購日期 | 所有借閱數 | 完整索書號 | 條碼號 | 最後一次日期記錄 | 一般價格有效日期 | Koha館藏類型 | 公開資訊 |
|---|---|---|---|---|---|---|---|---|---|---|---|---|---|---|
| 未註銷館藏 | 未遺失 | 中文圖書分類法 | 未損毀 | 可外借 | 怡仁綜合醫院圖書館 | 怡仁綜合醫院圖書館 | 2020-10-27 | 494 | C02739 | 2020-10-27 | 2020-10-27 | 一般圖書 | 從企業的初始到現在發展到跨國集團的經驗分享 |